| 000 | 01671nam a2200373 i 4500 | ||
|---|---|---|---|
| 003 | EG-ScBUE | ||
| 005 | 20231128105146.0 | ||
| 008 | 170422s2001 le a f b 000 0 ara d | ||
| 040 |
_aEG-ScBUE _bara _erda _cEG-ScBUE _dEG-ScBUE |
||
| 041 | 1 |
_aara _heng |
|
| 043 |
_ae-gw--- _an-us--- |
||
| 082 | 0 | 4 |
_a940.5318 _bف ن ك _222 |
| 100 | 1 |
_aفنكلستين، نورمان ج، _eمؤلف. |
|
| 240 | 1 | 4 |
_aHolocaust industry. _hArabic |
| 245 | 1 | 0 |
_aصناعة الهولوكوست : _bتأملات في استغلال المعاناة اليهودية / _cد. نورمن فنكلستين ؛ ترجمة سماح إدريس، أيمن ح. حداد. |
| 250 | _aالطبعة الأولى. | ||
| 264 | 1 |
_aبيروت : _bدار الآداب للنشر والتوزيع، _c2001. |
|
| 300 |
_a152 صفحة ؛ _c24 سم |
||
| 336 |
_2rdacontent _aنص _btxt |
||
| 337 |
_aبدون وسيط _2rdamedia _bn |
||
| 338 |
_aمجلد _bnc _2rdacarrier |
||
| 504 | _aيشتمل على إرجاعات ببليوجرافية. | ||
| 541 | _aإهداء من أ. محمد فريد خميس. | ||
| 546 | _aالنص باللغة العربية مترجم من اللغة الإنجليزية. | ||
| 650 | 7 |
_aمحرقة اليهود (1939-1945) _2BUEsh |
|
| 650 | 7 |
_aاليهود _xتاريخ _yقرن 20. _2BUEsh |
|
| 650 | 7 |
_aالرأي العام _zالولايات المتحدة الأمريكية. _2BUEsh |
|
| 651 | 7 |
_aألمانيا _xتاريخ _yأدولف هيتلر، 1933-1945. _2BUEsh |
|
| 653 |
_bGGEN _bBUSBOL _cApril2017 |
||
| 655 | _vReading book | ||
| 700 | 1 |
_aإدريس، سماح، _eمترجم. |
|
| 700 | 1 |
_aحداد، أيمن ح.، _eمترجم. |
|
| 942 | _2ddc | ||
| 999 |
_c24688 _d24660 |
||